| 000 | 005300000a22001810004500 | ||
|---|---|---|---|
| 003 | MACL | ||
| 005 | 20160421120834.0 | ||
| 008 | 160421b xxu||||| |||| 00| 0 eng d | ||
| 040 |
_aMACL _cMACL |
||
| 041 | _aHindi | ||
| 082 | _a740 | ||
| 100 |
_aदिवेदी प्रेमशंकर _953023 |
||
| 245 | _aपहाडी चित्रकला | ||
| 260 |
_aवाराणसी _bकला प्रकाशन _c2011 |
||
| 350 | _a650 | ||
| 650 |
_aचित्रकला _953024 |
||
| 942 |
_cHIN _k740 _2ddc |
||
| 999 |
_c47954 _d47954 |
||